| 000 | 00631nam a2200181Ia 4500 | ||
|---|---|---|---|
| 003 | GCL | ||
| 008 | 140319s9999 xx 000 0 ara d | ||
| 040 |
_aGCL / _cGCL |
||
| 082 | 0 | 4 |
_a230 _bن ر |
| 100 | 1 | _aالسيد الجميلى | |
| 245 | 1 | 0 |
_aرياض الصالحين من كلام سيد المرسلين / _cالسيد الجميلى |
| 700 | 1 | _aالنووى، يحيى بن شرف بن مرى الدمشقى، 1233-1278 م | |
| 260 |
_aالقاهرة : _bدار المعرفة ، _c1993 |
||
| 300 |
_a568 ص ؛ _c24 سم |
||
| 650 | 0 | 4 | _aالاسلام |
| 650 | 0 | 4 | _aالاحاديث النبوية |
| 942 |
_2ddc _cBK |
||
| 999 |
_c59522 _d59522 |
||